[Event "TCh-HUN 2017-18"]
[Site "Hungary HUN"]
[Date "2018.05.06"]
[Round "9.6"]
[White "Toth, Ervin"]
[Black "Polak, Tomas"]
[Result "1/2-1/2"]
[WhiteTitle "IM"]
[BlackTitle "GM"]
[WhiteElo "2449"]
[BlackElo "2516"]
[WhiteTeam "Aquarena Kobanya SC"]
[BlackTeam "HVSE-Infraplan"]
[WhiteFideId "726559"]
[BlackFideId "300560"]
[EventDate "2017.11.25"]

1. d4 Nf6 2. c4 c5 3. d5 b5 4. cxb5 a6 5. bxa6 g6 6. Nc3 Bxa6 7. Nf3 d6 8. g3
Bg7 9. Bg2 Nbd7 10. O-O Nb6 11. Re1 O-O 12. Rb1 Bc4 13. e4 Bxa2 14. Nxa2 Rxa2
15. b4 Nfd7 16. Qb3 Ra4 17. bxc5 dxc5 18. Qb5 Bc3 19. Bd2 Bxd2 20. Nxd2 Qc7 21.
e5 Ra2 22. Nf3 Nc8 23. Qc4 Qa7 24. Qf4 f6 25. d6 fxe5 26. Qc4+ Kh8 27. dxe7 Nxe7
28. Rbd1 Nf6 29. Rxe5 Nf5 30. h3 Nd4 31. Nxd4 cxd4 32. Qxd4 Qxd4 33. Rxd4 Ra7
34. Rd2 Kg7 35. Kh2 Re8 36. Rb5 Ree7 37. Rb4 Rad7 38. Rbb2 Rxd2 39. Rxd2 Rc7 40.
Re2 g5 41. f4 1/2-1/2

[Event "TCh-HUN 2017-18"]
[Site "Hungary HUN"]
[Date "2018.05.06"]
[Round "9.7"]
[White "Kovacs, Gabor2"]
[Black "Konnyu, Janos"]
[Result "1-0"]
[WhiteTitle "IM"]
[BlackTitle "IM"]
[WhiteElo "2463"]
[BlackElo "2366"]
[WhiteTeam "HVSE-Infraplan"]
[BlackTeam "Aquarena Kobanya SC"]
[WhiteFideId "716219"]
[BlackFideId "721280"]
[EventDate "2017.11.25"]

1. d4 Nf6 2. c4 g6 3. Nf3 Bg7 4. g3 d6 5. Bg2 O-O 6. O-O Nc6 7. Nc3 a6 8. Bf4
Nd7 9. Qd2 Rb8 10. Rac1 e5 11. Bg5 f6 12. Be3 f5 13. Bg5 Bf6 14. dxe5 dxe5 15.
Bh6 Bg7 16. Bg5 Bf6 17. e4 Bxg5 18. Nxg5 Nd4 19. exf5 gxf5 20. f4 c5 21. Bd5+
Kg7 22. fxe5 Nxe5 23. Rce1 Ng6 24. Ne2 Nxe2+ 25. Rxe2 b5 26. cxb5 axb5 27. Qc3+
Qf6 28. Qxc5 Qxg5 29. Qc7+ Bd7 30. Qxd7+ Kh6 31. Bg2 f4 32. Rc2 fxg3 33. Qh3+
Qh4 34. Qxg3 Rxf1+ 35. Bxf1 Qxg3+ 36. hxg3 b4 37. Bc4 Ne5 38. Bd5 Rd8 39. Be4
Rd4 40. Re2 Nc4 41. Kf2 Nxb2 42. Ke3 1-0

[Event "TCh-HUN 2017-18"]
[Site "Hungary HUN"]
[Date "2018.05.06"]
[Round "9.1"]
[White "Almasi, Zoltan"]
[Black "Horvath, Csaba"]
[Result "1-0"]
[WhiteTitle "GM"]
[BlackTitle "GM"]
[WhiteElo "2685"]
[BlackElo "2507"]
[WhiteTeam "DVTK"]
[BlackTeam "Penzugyor SE"]
[WhiteFideId "702293"]
[BlackFideId "700118"]
[EventDate "2017.11.25"]

1. e4 c6 2. d4 d5 3. e5 c5 4. dxc5 Nc6 5. Nf3 Bg4 6. c3 e6 7. Be3 a6 8. Nbd2
Nxe5 9. Be2 Nc6 10. O-O Nf6 11. Nd4 Bxe2 12. Qxe2 Be7 13. b4 O-O 14. a4 e5 15.
Nf5 Qd7 16. Qf3 e4 17. Nxe7+ Nxe7 18. Qe2 Nf5 19. Rfd1 Nxe3 20. Qxe3 Ng4 21. Qd4
Qc7 22. Nf1 Rad8 23. c4 Nf6 24. Ne3 dxc4 25. Qxc4 Qe5 26. h3 Rd3 27. Rac1 Rfd8
28. c6 bxc6 29. Qxa6 Qb2 30. Rb1 Rxd1+ 31. Rxd1 Rb8 32. Qb6 Rf8 33. a5 h5 34. a6
Qa3 35. Qxc6 Qxb4 36. a7 Qa3 37. Qb7 g6 38. Qb8 Kg7 39. Rd6 Qa1+ 40. Rd1 Qa3 41.
Rd6 Qa1+ 42. Nf1 e3 43. fxe3 Nh7 44. Qb7 1-0

[Event "TCh-HUN 2017-18"]
[Site "Hungary HUN"]
[Date "2018.05.06"]
[Round "9.2"]
[White "Horvath, Jozsef1"]
[Black "Kuzubov, Yuriy"]
[Result "0-1"]
[WhiteTitle "GM"]
[BlackTitle "GM"]
[WhiteElo "2533"]
[BlackElo "2690"]
[WhiteTeam "Penzugyor SE"]
[BlackTeam "DVTK"]
[WhiteFideId "700061"]
[BlackFideId "14112906"]
[EventDate "2017.11.25"]

1. d4 g6 2. e4 Bg7 3. Nf3 d6 4. c3 Nf6 5. Bd3 O-O 6. O-O Nc6 7. Re1 e5 8. h3 h6
9. Na3 Nd7 10. Bb5 Kh7 11. Nc4 exd4 12. cxd4 Ne7 13. Ne3 a6 14. Bd3 c5 15. d5 b5
16. a4 c4 17. Bc2 Bb7 18. Rb1 Nc5 19. Bd2 Ng8 20. Ng4 Bc8 21. axb5 axb5 22. Bc3
Bxg4 23. hxg4 Nf6 24. g5 hxg5 25. Nxg5+ Kg8 26. Qd2 Re8 27. Rbd1 Nh5 28. Nf3
Bxc3 29. Qxc3 Qf6 30. Qxf6 Nxf6 31. e5 dxe5 32. Nxe5 Ra2 33. b4 Nb7 34. Bb1 Rb2
35. d6 Nxd6 36. Rxd6 Rxe5 0-1

[Event "TCh-HUN 2017-18"]
[Site "Hungary HUN"]
[Date "2018.05.06"]
[Round "9.3"]
[White "Kravtsiv, Martyn"]
[Black "Balog, Imre"]
[Result "1-0"]
[WhiteTitle "GM"]
[BlackTitle "GM"]
[WhiteElo "2677"]
[BlackElo "2539"]
[WhiteTeam "DVTK"]
[BlackTeam "Penzugyor SE"]
[WhiteFideId "14113147"]
[BlackFideId "728446"]
[EventDate "2017.11.25"]

1. e4 e6 2. d4 d5 3. Nd2 Nc6 4. Ngf3 Nf6 5. e5 Nd7 6. Bd3 f6 7. exf6 Qxf6 8. Nf1
e5 9. Ne3 exd4 10. Nxd5 Qe6+ 11. Qe2 Qxe2+ 12. Bxe2 Bd6 13. Bf4 Nb4 14. Bxd6
Nxd5 15. Bg3 c5 16. O-O-O O-O 17. Rhe1 Rf6 18. Bc4 Nb6 19. Bxd5+ Nxd5 20. Re8+
Rf8 21. Rxf8+ Kxf8 22. Bd6+ Kg8 23. c4 Nb6 24. Bxc5 Nxc4 25. Rxd4 b5 26. b3 Na5
27. Rd8+ Kf7 28. Nd4 Bb7 29. Rd7+ Kg6 30. b4 Rc8 31. Nxb5 1-0

[Event "TCh-HUN 2017-18"]
[Site "Hungary HUN"]
[Date "2018.05.06"]
[Round "9.4"]
[White "Hujbert, Florian"]
[Black "Hera, Imre Jr."]
[Result "1/2-1/2"]
[WhiteTitle "IM"]
[BlackTitle "GM"]
[WhiteElo "2444"]
[BlackElo "2616"]
[WhiteTeam "Penzugyor SE"]
[BlackTeam "DVTK"]
[WhiteFideId "730165"]
[BlackFideId "716855"]
[EventDate "2017.11.25"]

1. Nf3 c5 2. b3 d6 3. e3 e5 4. Bb5+ Nd7 5. O-O a6 6. Bxd7+ Bxd7 7. d4 f6 8. Nc3
Ne7 9. dxe5 dxe5 10. Qe2 Qa5 11. Bd2 Qc7 12. a4 Be6 13. e4 Rd8 14. Rad1 Nc6 15.
Nd5 Bxd5 16. exd5 Rxd5 17. Bc3 Qf7 18. Rxd5 Qxd5 19. Rd1 Qe6 20. Nh4 g6 21. f4
Bg7 22. f5 Qf7 23. Rd6 g5 24. Re6+ Ne7 25. Qc4 gxh4 26. Qxc5 O-O 27. Rxe7 Qh5
28. Qd5+ Kh8 29. Qf3 Qg5 30. Rd7 Qc1+ 31. Rd1 Qxc2 32. Be1 e4 33. Qg4 Qxb3 34.
Rd7 Rg8 35. Qxe4 b5 36. axb5 Qxb5 37. Rd5 Qc6 38. Bxh4 a5 39. Qe6 Qc1+ 40. Qe1
Qb2 41. Rd2 Qb6+ 42. Bf2 Qb5 43. Bd4 Qxf5 44. Rf2 Qd5 45. Qc3 Rf8 46. Qa1 Kg8
47. h3 Rf7 48. Bc3 f5 49. Bxg7 Rxg7 50. Qc3 h6 51. Qc8+ Kh7 52. Qxf5+ Qxf5 53.
Rxf5 Ra7 54. Rf3 a4 55. Ra3 Kg6 56. Kf2 Kg5 57. g3 Kf5 1/2-1/2

[Event "TCh-HUN 2017-18"]
[Site "Hungary HUN"]
[Date "2018.05.06"]
[Round "9.5"]
[White "Szabo, Gergely-Andras-Gyula"]
[Black "Seres, Lajos"]
[Result "1/2-1/2"]
[WhiteTitle "GM"]
[BlackTitle "GM"]
[WhiteElo "2548"]
[BlackElo "2406"]
[WhiteTeam "DVTK"]
[BlackTeam "Penzugyor SE"]
[WhiteFideId "1205064"]
[BlackFideId "701254"]
[EventDate "2017.11.25"]

1. e4 c5 2. Nf3 Nc6 3. Bb5 g6 4. Bxc6 bxc6 5. O-O Bg7 6. Re1 Nh6 7. c3 O-O 8. h3
f6 9. d4 cxd4 10. cxd4 d6 11. b3 Nf7 12. Bb2 f5 13. Nbd2 g5 14. exf5 Bxf5 15.
Ne4 g4 16. Nh4 e6 17. Nxf5 exf5 18. Ng3 gxh3 19. Qh5 hxg2 20. Nxf5 Qf6 21. Re7
Kh8 22. f4 d5 23. Rae1 Qg6 24. Qxg6 hxg6 25. Nxg7 Kxg7 26. Kxg2 a5 27. Ba3 a4
28. Rc7 Rfe8 29. Rxe8 Rxe8 30. Be7 axb3 31. axb3 Rb8 32. b4 Rb6 33. Ra7 Rb8 34.
Rc7 Rb6 35. Kf3 Ra6 36. Ke2 Kg8 37. Rc8+ Kh7 38. Bf6 Rb6 39. Rf8 Rb7 40. Kd3 Kh6
41. Rc8 Rxb4 42. Rxc6 Rb7 43. Rc5 Rd7 44. Rc1 Kh5 45. Be5 Kg4 46. Rc6 g5 47.
fxg5 1/2-1/2

[Event "TCh-HUN 2017-18"]
[Site "Hungary HUN"]
[Date "2018.05.06"]
[Round "9.6"]
[White "Bakos, Balazs"]
[Black "Antal, Gergely"]
[Result "0-1"]
[WhiteTitle "FM"]
[BlackTitle "GM"]
[WhiteElo "2423"]
[BlackElo "2525"]
[WhiteTeam "Penzugyor SE"]
[BlackTeam "DVTK"]
[WhiteFideId "725773"]
[BlackFideId "717312"]
[EventDate "2017.11.25"]

1. d4 f5 2. g3 Nf6 3. Bg2 e6 4. Nd2 d5 5. Nh3 c5 6. c4 dxc4 7. dxc5 c3 8. bxc3
Bxc5 9. Ba3 Nbd7 10. Qb3 Qe7 11. Bxb7 Bxb7 12. Qxb7 Rb8 13. Bxc5 Qxc5 14. Qa6
Rb6 15. Qc4 Qxc4 16. Nxc4 Rc6 17. Ne3 Rxc3 18. O-O Ke7 19. Rfd1 Rhc8 20. Rab1
Nb6 21. Nf4 Ne4 22. Rb5 Rxe3 23. fxe3 Nc3 24. Rxb6 axb6 25. Rd2 Ra8 26. Rc2 Ra3
27. Rb2 b5 28. Rb3 Rxb3 29. axb3 e5 30. Nd3 e4 31. Nb4 Nxe2+ 32. Kf2 Nc3 33. Ke1
Kd6 34. Kd2 Nd5 35. Nc2 g6 36. Ke2 Kc6 37. Kd1 Kc5 38. Kd2 Nf6 39. Ke2 Ng4 40.
h3 Ne5 41. h4 Nd3 42. Nd4 Kb4 43. h5 Nc1+ 44. Kd1 Nxb3 45. Nc6+ Kc3 46. Ne7 gxh5
47. Nxf5 Kd3 0-1

[Event "TCh-HUN 2017-18"]
[Site "Hungary HUN"]
[Date "2018.05.06"]
[Round "9.7"]
[White "Korpa, Bence"]
[Black "Szuk, Balazs"]
[Result "1-0"]
[WhiteTitle "GM"]
[BlackTitle "IM"]
[WhiteElo "2483"]
[BlackElo "2370"]
[WhiteTeam "DVTK"]
[BlackTeam "Penzugyor SE"]
[WhiteFideId "706671"]
[BlackFideId "706019"]
[EventDate "2017.11.25"]

1. e4 c5 2. Nf3 Nc6 3. d4 cxd4 4. Nxd4 Nf6 5. Nc3 e6 6. Ndb5 Bb4 7. a3 Bxc3+ 8.
Nxc3 d5 9. exd5 exd5 10. Bd3 O-O 11. O-O d4 12. Ne2 Bg4 13. Bg5 Qd6 14. Qd2 Bxe2
15. Qxe2 Rfe8 16. Qf3 Ne5 17. Qg3 Qc6 18. Bb5 Qxb5 19. Bxf6 g6 20. Rfe1 Nc6 21.
Qf4 Qf5 22. Qxf5 gxf5 23. Rad1 Rxe1+ 24. Rxe1 h5 25. f3 Kh7 26. c3 dxc3 27. Bxc3
Rd8 28. Kf2 Kg6 29. Re2 b5 30. Rc2 Rd6 31. Kg3 Kg5 32. Bd2+ Kf6 33. Bf4 Re6 34.
Rd2 a6 35. Kh4 Kg6 36. Kg3 Na5 37. Rd8 Nc4 38. Rg8+ Kf6 39. Bc1 Rd6 40. b3 Na5
41. Bf4 Re6 42. b4 Nc4 43. Bc1 f4+ 44. Kh4 Re2 45. Bxf4 Ra2 46. Kxh5 Rxa3 47. h4
Ra4 48. Kh6 Rxb4 49. Re8 Kf5 50. Re4 1-0

[Event "TCh-HUN 2017-18"]
[Site "Hungary HUN"]
[Date "2018.05.06"]
[Round "9.8"]
[White "Fogarasi, Tibor"]
[Black "Kozak, Adam"]
[Result "1/2-1/2"]
[WhiteTitle "GM"]
[BlackTitle "IM"]
[WhiteElo "2378"]
[BlackElo "2422"]
[WhiteTeam "Penzugyor SE"]
[BlackTeam "DVTK"]
[WhiteFideId "700363"]
[BlackFideId "753246"]
[EventDate "2017.11.25"]

1. e4 e5 2. Nf3 Nc6 3. Bb5 a6 4. Ba4 Nf6 5. d3 d6 6. c3 g6 7. Nbd2 Bg7 8. Nf1
O-O 9. Ng3 b5 10. Bc2 Bb7 11. O-O Re8 12. a4 d5 13. exd5 Nxd5 14. Ne4 Qe7 15.
Bg5 f6 16. axb5 axb5 17. Rxa8 Bxa8 18. Bb3 Na5 19. Ba2 fxg5 20. b4 g4 21. Nfd2
h5 22. bxa5 Kh8 23. g3 Qa3 24. Bxd5 Bxd5 25. c4 Bg8 26. cxb5 Qxa5 27. Qc2 Qxb5
28. Qxc7 Qxd3 1/2-1/2

[Event "TCh-HUN 2017-18"]
[Site "Hungary HUN"]
[Date "2018.05.06"]
[Round "9.9"]
[White "Berczes, David"]
[Black "Gara, Anita"]
[Result "1-0"]
[WhiteTitle "GM"]
[BlackTitle "IM"]
[WhiteElo "2493"]
[BlackElo "2385"]
[WhiteTeam "DVTK"]
[BlackTeam "Penzugyor SE"]
[WhiteFideId "722960"]
[BlackFideId "709751"]
[EventDate "2017.11.25"]

1. Nf3 g6 2. d4 Nf6 3. g3 Bg7 4. Bg2 O-O 5. O-O d6 6. c4 Nbd7 7. Nc3 e5 8. e3
Re8 9. h3 c6 10. b3 Qa5 11. Qc2 Nf8 12. Bb2 Bf5 13. e4 Bd7 14. Rfd1 Rac8 15.
dxe5 dxe5 16. Na4 b5 17. Nc5 Qb6 18. b4 Be6 19. Nxe5 Re7 20. Rac1 bxc4 21. a3
Qb8 22. Nxe6 Rxe6 23. Nxc4 Rce8 24. e5 N6d7 25. f4 h5 26. h4 Rc8 27. Nd6 Rc7 28.
Ne4 Re7 29. Kh2 Kh8 30. Rd6 Nb6 31. Rxc6 Nd5 32. Qb3 Rxc6 33. Rxc6 Nc7 34. Nd6
Nfe6 35. Qc2 Nd8 36. Rc4 Kh7 37. f5 Bh6 38. Nxf7 Nxf7 39. fxg6+ Kg8 40. gxf7+
Rxf7 41. e6 Re7 42. Bf6 Rh7 43. Qg6+ 1-0

[Event "TCh-HUN 2017-18"]
[Site "Hungary HUN"]
[Date "2018.05.06"]
[Round "9.10"]
[White "Szamoskozi, Gabor"]
[Black "Torma, Robert"]
[Result "0-1"]
[WhiteTitle "FM"]
[BlackTitle "IM"]
[WhiteElo "2297"]
[BlackElo "2484"]
[WhiteTeam "Penzugyor SE"]
[BlackTeam "DVTK"]
[WhiteFideId "719056"]
[BlackFideId "719030"]
[EventDate "2017.11.25"]

1. e4 c5 2. Nf3 e6 3. d4 cxd4 4. Nxd4 Nc6 5. Nc3 Qc7 6. Be2 a6 7. Be3 Nf6 8. O-O
Be7 9. f4 d6 10. Kh1 O-O 11. Qe1 Nxd4 12. Bxd4 b5 13. a3 Bb7 14. Qg3 Rad8 15.
Rae1 Bc6 16. Bd3 Qd7 17. Nd1 g6 18. Nf2 Nh5 19. Qe3 f6 20. Bc3 e5 21. fxe5 dxe5
22. Ba5 Rc8 23. Rd1 Qe6 24. Be2 Nf4 25. Bf3 Qc4 26. Nd3 Qxc2 27. Nxf4 exf4 28.
Qxf4 Qxb2 29. Bb4 Bxb4 30. axb4 Qxb4 31. Rd6 g5 32. Qg3 Bxe4 33. Bxe4 Qxe4 34.
Rxa6 Qf4 35. Qe1 Qe5 36. Qb1 Rf7 37. h3 Rb8 38. Rf5 Qc3 39. Rxb5 Rxb5 40. Qxb5
Qc1+ 41. Kh2 Qf4+ 42. Kh1 Rc7 43. Ra1 Rc1+ 44. Rxc1 Qxc1+ 45. Kh2 Qc7+ 46. Kh1
Qe5 47. Qd7 h5 48. Kg1 Qe4 49. Kh2 Kf8 50. Qd1 Qe8 51. Qf3 Kg7 52. Qb7+ Kh6 53.
Qb3 Qe5+ 54. Kh1 g4 55. hxg4 hxg4 56. g3 Kg7 57. Qb7+ Kg6 58. Qb3 Kf5 59. Kh2
Qe2+ 60. Kg1 Qd2 61. Qb1+ Ke5 62. Qb5+ Ke4 63. Qc6+ Qd5 64. Qc2+ Ke5 65. Qc7+
Qd6 66. Qa5+ Ke6 67. Qa2+ Qd5 68. Qe2+ Kf5 69. Qc2+ Ke5 70. Qc7+ Ke6 71. Qc8+
Qd7 72. Qc4+ Kf5 73. Qf4+ Kg6 74. Qe4+ f5 75. Qe5 Kf7 76. Kf2 Qd2+ 77. Kg1 Qd1+
78. Kh2 Qc2+ 79. Kg1 Qe4 80. Qd6 Qe6 81. Qf4 Qd5 82. Qc7+ Ke6 83. Qb6+ Ke5 84.
Qe3+ Kd6 85. Qb6+ Qc6 86. Qd4+ Kc7 87. Qa7+ Kc8 88. Qe3 Kb7 89. Kf2 Qc2+ 90. Kg1
Qe4 91. Kf2 Kc6 92. Qc3+ Kd5 93. Qa5+ Ke6 94. Qb6+ Kd7 95. Qa7+ Kd6 96. Qb6+ Qc6
97. Qd4+ Ke6 98. Qe3+ Qe4 99. Qb6+ Kf7 100. Qc7+ Kf6 101. Qd6+ Qe6 102. Qd8+ Kg6
103. Qc7 Qa2+ 104. Kg1 Qd5 105. Qb6+ Kf7 106. Qe3 Kf6 107. Kf2 Qa2+ 108. Kg1
Qb1+ 109. Kf2 Qc2+ 110. Kg1 Qe4 111. Qb6+ Ke5 112. Qc5+ Ke6 113. Qb6+ Kd5 114.
Qd8+ Kc4 115. Qb8 Kc3 116. Kf2 Qd4+ 117. Kg2 Kd2 118. Qc7 Ke3 119. Kh2 Qd2+ 120.
Kh1 Kf3 121. Qb7+ Kxg3 122. Qb3+ Kf2 123. Qb6+ Qe3 124. Qb2+ Kf3 125. Qg2+ Kf4
126. Qg3+ Ke4 127. Qd6 Qd4 128. Qe6+ Kf4 129. Qh6+ Kf3 130. Qc1 Qe4 131. Qg1
Ke2+ 132. Kh2 Qf4+ 0-1

[Event "TCh-HUN 2017-18"]
[Site "Hungary HUN"]
[Date "2018.05.06"]
[Round "9.11"]
[White "Nayhebaver, Martin"]
[Black "Fodor, Istvan2"]
[Result "1-0"]
[WhiteTitle "IM"]
[BlackTitle "FM"]
[WhiteElo "2447"]
[BlackElo "2329"]
[WhiteTeam "DVTK"]
[BlackTeam "Penzugyor SE"]
[WhiteFideId "14923432"]
[BlackFideId "726591"]
[EventDate "2017.11.25"]

1. e4 e5 2. Nf3 Nc6 3. Bb5 a6 4. Ba4 Nf6 5. O-O Be7 6. Re1 b5 7. Bb3 O-O 8. a4
b4 9. d4 d6 10. dxe5 dxe5 11. Nbd2 Bc5 12. Qe2 Qe7 13. Bc4 Na5 14. Bd3 h6 15. h3
Re8 16. Nf1 Nh5 17. Kh1 Bb7 18. Ng3 Nf4 19. Bxf4 exf4 20. Nf5 Qf8 21. e5 g6 22.
N5d4 Bxd4 23. Nxd4 c5 24. Nf3 c4 25. Be4 Rac8 26. Bxb7 Nxb7 27. Qe4 Nc5 28. Qxf4
Ne6 29. Qh4 Red8 30. Rad1 b3 31. c3 Rxd1 32. Rxd1 Qe8 33. Qxh6 Qxa4 34. Nh2 Ng7
35. Ng4 f5 36. exf6 Nf5 37. Qxg6+ 1-0